000 00861nam a22002897a 4500
001 BR9502179
003 BR-BrBNA
005 20230928094436.0
007 ta
008 230509b bl.||||| |||| 00| 0 por d
040 _aBR-BrBNA
_bpor
_cBiblioteca Nacional de Agricultura
041 _a(Por)
072 _aE71
_b0336
090 _ 0336 BR9502179
100 1 _aVasconcelos, M. de F.S. de
110 1 _aEscola Superior de Agricultura Luiz de Queiroz, Piracicaba, SP (Brasil)
_0Tese (Mestre em Agronomia)
245 1 _aCompetitividade do comercio internacional de soja
260 3 _aPiracicaba, SP (Brasil):
_c1994.
300 _a92 p.
500 _a19 tables; Summaries (Eng, Por); 36 ref.
650 _aSoja
650 _aFarelo
650 _aComercio Exterior
650 _aElasticidade
909 _a202309
_bLucia
_c55
_dLucia Elande
942 _cBK
999 _c50750
_d50750